000 00680nam a2200241Ia 4500
003 OSt
005 20221005131821.0
006 a|||||r|||| 00| 0
007 ta
008 221004b |||||||| |||| 00| 0 eng d
024 _a70054
037 _cTextual
040 _aCRL
_cCRL
_beng
041 _2eng
_aeng
082 _aY1b4, L2.3-;1
110 _aIndian Council of Social Science Research, New Delhi
245 0 _aSurvey of research in sociology and social anthropology
260 _c1972
650 _aSOCIOLOGY
700 _aIndian Council of Social Science Research, New Delhi
942 _hY1b4, L2.3-;1
_cTEXL
_2cc
999 _c1061501
_d1061501